| 000 | 00520nam a2200193Ia 4500 | ||
|---|---|---|---|
| 003 | GCL | ||
| 008 | 140319s9999 xx 000 0 eng d | ||
| 040 |
_aGCL / _cGCL |
||
| 082 | 0 | 4 |
_a709.0214 _bR B |
| 100 | 1 | _aRODLEY, LYN | |
| 245 | 1 | 0 |
_aBYZANTINE ART AND ARCHITECTURE: AN INTRODUCTION / _cRODLEY, LYN |
| 260 |
_a[S.N] : _bCAMBRIDGE UNIVERSITY PRESS ، _c1994 |
||
| 300 | _a380 P | ||
| 650 | 0 | 4 | _aART, BYZANTINE |
| 650 | 0 | 4 | _aARTS |
| 650 | 0 | 4 | _aARCHITECTURE |
| 650 | 0 | 4 | _aARCHITECTURE, BYZANTINE |
| 942 |
_2ddc _cBK |
||
| 999 |
_c14057 _d14057 |
||